| 000 | 01216nam a2200349 4500 | ||
|---|---|---|---|
| 001 | 20391 | ||
| 003 | CO-MdFUSB | ||
| 005 | 20190202100413.0 | ||
| 008 | 161012t2010 xxu||||| |||| 00| 0 eng d | ||
| 020 | _a9780800663018 | ||
| 040 |
_aCO-MdFUSB _bEspañol _cCO-MdFUSB _dCO-MdFUSB _erda |
||
| 041 | _aeng | ||
| 082 |
_224 _aG 208 _bL477a |
||
| 100 | 1 |
_aLee, Nancy C. _eautor |
|
| 245 | 1 | 0 |
_aLyrics of lament : _bFrom tragedy to transformation _c / Nancy C. Lee |
| 264 | 4 |
_aMinneapolis, _bMinnesota, _c©[2010 |
|
| 264 | 1 | _c©2010 | |
| 300 |
_axi, 256 páginas _c23 cm. _b: |
||
| 336 |
_2rdacontent _a1 _ba1 |
||
| 337 |
_2rdamedia _a2 _b5 |
||
| 338 |
_2rdacarrier _a2 _b5 |
||
| 504 | _aIncluye notas e índice (páginas. 209-256) | ||
| 505 | 0 | 0 | _aEl lamento de voces antiguas y contemporáneas - Lamento en los textos sagrados de Abraham y culturas contemporáneas - Lamento por nuestro tiempo - De la tragedia a la transformación |
| 540 | _aRústico | ||
| 630 | 0 | 7 |
_aBiblia _xCrítica, interpretación, etc. |
| 650 | 7 |
_aCritica histórica _b(Literatura) _2 _9613 |
|
| 650 | 7 |
_9527 _aCrítica literaria |
|
| 653 | _aLamentos | ||
| 653 | _aLamentos en la biblia | ||
| 942 | _cBK | ||
| 999 |
_c46742 _d46742 |
||